[Event "East Dunbartonshire op 1st"]
[Site "Dunbartonshire"]
[Date "2011.08.06"]
[Round "2"]
[White "Kerridge, Simon"]
[Black "Dunlop, Anthony"]
[Result "1-0"]
[WhiteElo "1512"]
[BlackElo "1793"]
[PlyCount "66"]
[EventDate "2011.08.06"]
[EventType "swiss"]
[EventRounds "5"]
[EventCountry "SCO"]
[SourceTitle "EXT 2023"]
[Source "ChessBase"]
[SourceDate "2022.10.05"]
[SourceVersion "1"]
[SourceVersionDate "2022.10.05"]
[SourceQuality "1"]

1. f4 e5 2. fxe5 d6 3. exd6 Bxd6 4. Nf3 g5 5. d4 g4 6. Ne5 f6 7. Nc4 Bf5 8. e4 Qe7 9. Nxd6+ cxd6 10. Bb5+ Nd7 11. 0-0 Bxe4 12. Nc3 0-0-0 13. Re1 f5 14. Bd3 Ngf6 15. Bg5 h6 16. Bh4 Rde8 17. Nxe4 fxe4 18. Bxe4 Qg7 19. Bf5 h5 20. Qd3 Nd5 21. Bg3 Qf6 22. Rf1 Qh6 23. Bxd7+ Kxd7 24. Qb5+ Kc7 25. Qxd5 Re7 26. Rae1 Rhe8 27. Rf7 Kd8 28. Rfxe7 Rxe7 29. Rxe7 Kxe7 30. Qxd6+ Qxd6 31. Bxd6+ Kxd6 32. Kf2 h4 33. Ke3 Kd5 1-0

[Event "Hawick op"]
[Site "Hawick"]
[Date "2009.06.27"]
[Round "3"]
[White "Dunlop, Anthony"]
[Black "Lawson, Andrew"]
[Result "0-1"]
[WhiteElo "1588"]
[BlackElo "2199"]
[PlyCount "46"]
[EventDate "2009.06.26"]
[EventType "swiss"]
[EventRounds "5"]
[EventCountry "SCO"]
[SourceTitle "EXT 2023"]
[Source "ChessBase"]
[SourceDate "2022.10.05"]
[SourceVersion "1"]
[SourceVersionDate "2022.10.05"]
[SourceQuality "1"]

1. c4 Nf6 2. d4 e6 3. Nf3 d5 4. Bf4 Be7 5. c5 b6 6. b4 a5 7. Qb3 0-0 8. bxa5 bxc5 9. dxc5 Bxc5 10. e3 Qe7 11. Bd3 Bb4+ 12. Nbd2 c5 13. Bc2 Ba6 14. Bg5 h6 15. Bh4 Nbd7 16. 0-0-0 c4 17. Nxc4 Bxc4 18. Bxf6 Nxf6 19. Qb1 Ba3+ 20. Kd2 Rab8 21. Bb3 Qb4+ 22. Kc2 Ne4 23. Qa1 Bxb3+ 0-1